Histoire des Etats-Unis - Statistiques

Statistiques générales
  • Ce quiz a été pris 415 fois
  • Le résultat moyen est 14 sur 20
Statistiques - réponses
Question Réponse % Correct
Pendant quelle guerre Abraham Lincoln était président ? La Guerre de Sécession
97%
Quel pays a vendu la Louisiane aux États-Unis ? La France
95%
Pour quelles raisons sont-ils rentrés dans la Seconde Guerre Mondiale ? Car les Japonais ont attaqué la base militaire de Pearl Harbor
92%
Contre qui les États-Unis ont-ils utilisé l'arme nucléaire ? Le Japon
92%
Pourquoi s'est-elle terminée ? L'Union Soviétique s'est dissoute
87%
Lequel de ces présidents n'était pas au pouvoir pendant la Guerre Froide ? Franklin Roosevelt
85%
Est-ce que les États-Unis sont entrés dans la Première Guerre Mondiale ? Si oui, quand ? Oui, en 1917
81%
En quelle année les États-Unis sont-ils devenus indépendants ? En 1776
77%
Les États-Unis furent le seul pays à avoir utilisé l'arme nucléaire en temps de guerre. Vrai
76%
Et quand s'est-elle terminée ? 1865
71%
Avant d'avoir été acheté par les États-Unis, à qui appartenait l'Alaska ? À la Russie
71%
Quand les États-Unis sont entrés dans la Seconde Guerre Mondiale ? Le 8 décembre 1941
71%
En quelle année la Louisiane a-t-elle été vendue aux États-Unis ? En 1803
68%
Et quand s'est-elle terminée ? 1991
66%
Quand la guerre d'indépendance américaine a-t-elle commencé ? 1775
61%
Quand la Guerre de Sécession a-t-elle commencé ? 1861
56%
Quand la Guerre Froide a-t-elle commencé ? 1947
55%
Et quand s'est-elle terminée ? 1783
44%
Qui a aidé les États-Unis durant leur guerre d'indépendance contre le Royaume-Uni ? La France et l'Espagne
21%
Combien de pays ont déjà contrôlé l'état du Texas ? 6
2%
Aucun quiz correspondant
Distribution des résultats
% des personnes avec chaque résultat
Percentile par nombre de réponses
Votre historique - résultats
Vous n’avez pas pris ce quiz